00306nam a2200121Ia 4500008004100000100002800041245006200069260001200131260001100143260000900154300000700163650001400170160103s9999 xx 000 0 und d10aWickramarachchi,I.W.D.N aDetermination of the Antioxidant Activity of Sesame Seeds aColombo bIchemc c2015 a33 aAntioxide